INTEGRATION of social media into library services in Nigeria in the 21st century a festschrift in honour of Dr. Femi Zaccheaus Oguntuase, University Librarian, Federal University of Technology, Akure, 2010-2016,

Saved in:
Bibliographic Details
Format: Book
Language:English
Published: First Festschrift Publications 2017
Tags: Add Tag
No Tags, Be the first to tag this record!

MARC

LEADER 00000nam a22000007a 4500
008 201222b ||||| |||| 00| 0 eng d
020 |a ISBN: 978-978-52691-4-7 
245 |a INTEGRATION of social media into library services in Nigeria in the 21st century  |b a festschrift in honour of Dr. Femi Zaccheaus Oguntuase, University Librarian, Federal University of Technology, Akure, 2010-2016,   |c Rotimi A. Egunjobi, Johnson A. Akere [and] Felix E. Efosa.  |g xiii, 343p. 
260 |b First Festschrift Publications  |c 2017  |h Ondo, Nigeria  |i 690586  |m  690587 
942 |a lcc  |c BK  |e Olagoke,M.A  |f 22/12/2020 
952 |0 0  |1 0  |2 lcc  |4 0  |6 Z067475 I N8  |7 0  |9 1141  |a HOL  |b HOL  |c QZ  |d 2020-12-22  |l 0  |o Z674.75 .In8  |p 2020-230348  |r 2020-12-22 00:00:00  |w 2020-12-22  |y BK 
952 |0 0  |1 0  |2 lcc  |4 0  |6 Z067475 I N8  |7 0  |9 1144  |a HOL  |b HOL  |c QZ  |d 2020-12-22  |l 0  |o Z674.75 .In8  |p 2020-230350  |r 2020-12-22 00:00:00  |w 2020-12-22  |y BK 
999 |c 596  |d 596